000 00258nam a2200109Ia 4500
008 220204s9999 xx 000 0 und d
082 _a681.14DBA
_bJEN
100 _aJenkins, David
245 0 _adBase III: Tips and tricks
490 _adBase III
942 _cBK
999 _c39733
_d39733